| 000 | 01281nam a2200409.c 4500 | ||
|---|---|---|---|
| 001 | 51857 | ||
| 003 | ES-MaCES | ||
| 005 | 20220426111600.0 | ||
| 008 | 210709s2021 sp ||||| |||||||||||spa|d | ||
| 017 |
_aB 1617-2021 _bDL |
||
| 020 | _a9788491807896 | ||
| 040 |
_aES-MaCES _bspa _cES-MaCES |
||
| 100 | 1 |
_939999 _aGutiérrez-Rubí, Antoni |
|
| 245 | 1 | 0 |
_aARTivismo _b: el poder de los lenguajes artísticos para la comunicación política y el activismo _cAntoni Gutiérrez-Rubí |
| 250 | _a1ª ed | ||
| 260 |
_aBarcelona _bEditorial UOC _c2021 |
||
| 300 |
_a221 p. _c24 cm |
||
| 490 | 1 | _aComunicación política | |
| 504 | _aBibliografía | ||
| 541 | _cCompra | ||
| 650 | 4 |
_927346 _aarte |
|
| 650 | 4 |
_928479 _aartista |
|
| 650 | 4 |
_930788 _anuevas tecnologías |
|
| 650 | 4 |
_930592 _ared social |
|
| 650 | 4 |
_927357 _alengua |
|
| 650 | 4 |
_927356 _acomunicación |
|
| 650 | 4 |
_927447 _apensamiento creador |
|
| 650 | 4 |
_927284 _aparticipación social |
|
| 650 | 4 |
_929756 _aparticipación popular |
|
| 650 | 4 |
_927246 _apolítica |
|
| 650 | 4 |
_927242 _aparticipación política |
|
| 650 | 4 |
_930732 _aevaluación del impacto |
|
| 653 | 1 | 0 | _aCiencias Sociales-Políticas |
| 830 | 0 |
_939998 _aComunicación Política |
|
| 902 | _aLIB Libro | ||
| 942 |
_2CES _cBK _h7.0. |
||
| 999 |
_c51857 _d51857 |
||